000 00666nam a2200253Ia 4500
005 20260121161115.0
008 008 260114s9999 xx 000 0 eng d
020 _a9781003062837
037 _aEBOOK
040 _aCRL
040 _beng
040 _cCRL
041 _2eng
041 _aeng
084 _qCRL
100 _a W.R. Salaneck
_91040291
245 0 _aScience and Applications of Conducting Polymers, Papers from the Sixth European Industrial Workshop
260 _bTaylor and Francis
260 _c1991
856 _uhttp://www.taylorfrancis.com/books/9781003062837
942 _cEBOOK
999 _c1607107
_d1607107